[Event "SUI-ch U16"]
[Site "Kreuzlingen"]
[Date "2016.07.01"]
[Round "5"]
[White "Giesinger, Elias"]
[Black "Lu, Hanqi"]
[Result "1-0"]
[WhiteElo "2023"]
[BlackElo "1864"]
[PlyCount "93"]
[EventDate "2016.06.30"]
[EventType "swiss"]
[EventRounds "7"]
[EventCountry "SUI"]
[SourceTitle "EXT 2017"]
[Source "ChessBase"]
[SourceDate "2016.10.25"]
[SourceVersion "1"]
[SourceVersionDate "2016.10.25"]
[SourceQuality "1"]

1. d4 d5 2. c4 e6 3. Nf3 Nf6 4. cxd5 exd5 5. Bg5 Be7 6. Qc2 Nbd7 7. e3 0-0 8. Bd3 Re8 9. 0-0 c6 10. Nc3 Nf8 11. Rab1 a5 12. a3 Ng6 13. Rfc1 Bd6 14. b4 axb4 15. axb4 h6 16. Bxf6 Qxf6 17. b5 Bg4 18. Be2 Reb8 19. bxc6 bxc6 20. Rxb8+ Rxb8 21. Na4 Bf5 22. Bd3 Bxd3 23. Qxd3 Bf8 24. Qc2 Ba3 25. Ra1 Bf8 26. Nc5 Bxc5 27. Qxc5 Qf5 28. Rc1 Qd7 29. g3 Rc8 30. Kg2 Qb7 31. Ne1 Nf8 32. Nd3 Nd7 33. Qb4 Qc7 34. Qe7 Nb8 35. Qxc7 Rxc7 36. Nb4 Rb7 37. Nxc6 Rc7 38. Ne7+ Rxe7 39. Rc8+ Kh7 40. Rxb8 Rd7 41. Rb6 g5 42. Kf3 Kg7 43. Kg4 Rd8 44. Kf5 Rc8 45. Kg4 Rd8 46. Kh5 f6 47. Rb7+ 1-0

[Event "EU-ch U14 25th"]
[Site "Porec"]
[Date "2015.09.29"]
[Round "8"]
[White "Giesinger, Elias"]
[Black "Simic, Pavo"]
[Result "1-0"]
[WhiteElo "1789"]
[BlackElo "1509"]
[PlyCount "129"]
[EventDate "2015.09.21"]
[EventType "swiss"]
[EventRounds "9"]
[EventCountry "CRO"]
[SourceTitle "EXT 2016"]
[Source "ChessBase"]
[SourceDate "2015.10.08"]
[SourceVersion "1"]
[SourceVersionDate "2015.10.08"]
[SourceQuality "1"]

1. d4 d5 2. c4 e6 3. Nf3 Nf6 4. Bg5 Be7 5. Nc3 0-0 6. e3 b6 7. cxd5 Nxd5 8. Bxe7 Qxe7 9. Nxd5 exd5 10. Bd3 Bg4 11. Rc1 c6 12. 0-0 Qf6 13. Be2 Rc8 14. b4 Nd7 15. Ne1 Bxe2 16. Qxe2 Qd6 17. Nd3 a5 18. a3 axb4 19. axb4 Ra3 20. Rc2 Rca8 21. Rfc1 Ra1 22. Qd1 Rxc1 23. Qxc1 Qg6 24. Rc3 Rc8 25. h3 Qd6 26. Qa3 h6 27. Rc1 b5 28. Qa6 Qc7 29. Ra1 f6 30. Qa7 Kf7 31. Nc5 Nxc5 32. Qxc5 Qe7 33. Qxe7+ Kxe7 34. Ra7+ Kf8 35. g4 Kg8 36. h4 h5 37. gxh5 Kh7 38. Kg2 Kh6 39. Kg3 Re8 40. Rc7 Re6 41. Kg4 Re4+ 42. Kf5 Rxh4 43. Rxc6 Rxh5+ 44. Kf4 Kg6 45. Rc5 Rf5+ 46. Kg3 Rg5+ 47. Kf3 Rf5+ 48. Ke2 Kf7 49. Rxb5 Ke6 50. Rb6+ Kd7 51. Rb7+ Kc6 52. Rxg7 Kb5 53. Rb7+ Kc6 54. Rb8 Rh5 55. b5+ Kc7 56. Ra8 f5 57. Ra6 Rh3 58. Rf6 Rh5 59. Kf3 Rg5 60. Kf4 Rg2 61. f3 Rb2 62. b6+ Kd7 63. Kxf5 Rb3 64. Kf4 Ke7 65. Rh6 1-0

[Event "EU-ch U14 25th"]
[Site "Porec"]
[Date "2015.09.21"]
[Round "1"]
[White "Fieberg, Samuel"]
[Black "Giesinger, Elias"]
[Result "1-0"]
[WhiteElo "2153"]
[BlackElo "1789"]
[PlyCount "87"]
[EventDate "2015.09.21"]
[EventType "swiss"]
[EventRounds "9"]
[EventCountry "CRO"]
[SourceTitle "EXT 2016"]
[Source "ChessBase"]
[SourceDate "2015.10.08"]
[SourceVersion "1"]
[SourceVersionDate "2015.10.08"]
[SourceQuality "1"]

1. e4 c5 2. Nf3 d6 3. d4 cxd4 4. Nxd4 Nf6 5. Nc3 g6 6. Be2 Bg7 7. Be3 0-0 8. 0-0 Nc6 9. f4 Qb6 10. Qd3 Ng4 11. Nd5 Bxd4 12. Bxg4 Bxe3+ 13. Qxe3 Qxe3+ 14. Nxe3 Na5 15. Bf3 Rd8 16. Rfd1 Bd7 17. Rd4 Rac8 18. Rad1 Nc6 19. R4d2 f6 20. Be2 Kf7 21. a3 a6 22. c4 Ke8 23. Nd5 Be6 24. Nb6 Rc7 25. b4 Na7 26. e5 fxe5 27. fxe5 Nc8 28. Nd5 Bxd5 29. Rxd5 e6 30. exd6 Rcd7 31. Re5 Rxd6 32. Rxd6 Nxd6 33. c5 Nf5 34. Rxe6+ Kd7 35. Rb6 Kc7 36. Bf3 Rb8 37. Rf6 Re8 38. g4 Nd4 39. Rf7+ Kd8 40. Bxb7 Re1+ 41. Kf2 Re2+ 42. Kf1 Rxh2 43. c6 Rc2 44. Rd7+ 1-0

[Event "SUI-ch U12"]
[Site "Geneve"]
[Date "2013.06.28"]
[Round "4"]
[White "Giesinger, Elias"]
[Black "Seliner, Kira"]
[Result "1/2-1/2"]
[WhiteElo "1524"]
[BlackElo "1425"]
[PlyCount "109"]
[EventDate "2013.06.27"]
[EventType "swiss"]
[EventRounds "7"]
[EventCountry "SUI"]
[SourceTitle "EXT 2014"]
[Source "ChessBase"]
[SourceDate "2013.11.20"]
[SourceVersion "1"]
[SourceVersionDate "2013.11.20"]
[SourceQuality "1"]

1. d4 Nc6 2. c4 e6 3. Nf3 d5 4. Nc3 Bb4 5. a3 Bxc3+ 6. bxc3 dxc4 7. e4 Nf6 8. Bg5 h6 9. Bxf6 Qxf6 10. Bxc4 0-0 11. 0-0 Rd8 12. Qc2 Qg6 13. Bd3 Qf6 14. Rfe1 e5 15. d5 Ne7 16. Be2 Bg4 17. h3 Bh5 18. Nh2 Bg6 19. c4 c6 20. Bd3 cxd5 21. cxd5 Rac8 22. Qb3 b6 23. f3 Qg5 24. Ba6 Rb8 25. Qe3 Qf6 26. Bb5 Qd6 27. a4 Kh8 28. Rec1 f5 29. Rc4 h5 30. Rac1 Qf6 31. Rc7 f4 32. Qa3 Nc8 33. Ba6 Nd6 34. Rxa7 Be8 35. Rcc7 b5 36. axb5 Bxb5 37. Bb7 Nxb7 38. Rcxb7 Be8 39. Rxb8 Rxb8 40. Qa2 Qb6+ 41. Qf2 Qd6 42. Ra1 g5 43. Nf1 Qg6 44. g4 Kg8 45. Rc1 Qh6 46. Ra1 Kf8 47. Qc5+ Kg8 48. Qf2 Rb7 49. Qa2 Rh7 50. Qg2 Qb6+ 51. Qf2 Qh6 52. Qg2 Qb6+ 53. Qf2 Qh6 54. Qh2 Qb6+ 55. Qf2 1/2-1/2